000 00620nam a22002177a 4500
003 UA-OsUOA
001 69294
007 ta
008 20100615b un ||||| |||| 00| 0 ukr d
100 _aСулима Л.
090 _a94(477)
_bС89
942 _cSA
040 _aUA-OsUOA
_bukr
_cUA-OsUOA
_dUA-OsUOA
245 _aПатріарх козацького роду. Семен Сулима, останній козацький полковник
300 _aС.8
955 _a0
041 _aukr
080 _a94(477)
773 0 _w69292
650 7 _a9 Географія. Біографії. Історія
_2UDC
999 _c355544
_d355544